000 00266nam a2200109Ia 4500
008 200302s9999 xx 000 0 und d
100 _aNrc
245 _aNational Building Code Of Canada 1977 2nd Pr.,
260 _bPrinted in Canada
260 _c1977
300 _a374 P.,
999 _c551
_d551